[Event "GRENKE Chess Open 2024"]
[Site "Karlsruhe"]
[Date "2024.03.29"]
[Round "3.43"]
[White "Niermann, Tristan"]
[Black "Albert, Markus"]
[Result "1-0"]
[WhiteElo "2422"]
[BlackElo "2264"]
[Annotator "TA"]
[PlyCount "91"]
[EventDate "2024.03.28"]
[EventType "swiss"]
[EventCountry "GER"]
[SourceTitle "playchess.com"]
[Source "ChessBase"]
[SourceQuality "1"]

1. Nf3 Nf6 2. g3 d6 3. d4 Nbd7 4. c4 e5 5. Nc3 g6 6. Bg2 Bg7 7. O-O O-O 8. e4 Re8 9. h3 exd4 10. Nxd4 Nc5 11. Re1 a5 12. Qc2 Nfd7 13. Be3 Ne5 14. b3 a4 15. Rad1 axb3 16. axb3 c6 17. f4 Ned7 18. b4 Ne6 19. Nb3 Qc7 20. c5 dxc5 21. bxc5 Ra3 22. Qb2 Ra6 23. Qc1 b6 24. cxb6 Nxb6 25. Bf2 h5 26. e5 h4 27. g4 g5 28. f5 Nf4 29. f6 Bh6 30. Nb5 Qb8 31. Nd6 Nxg2 32. Kxg2 Be6 33. Nc5 Ra2 34. Nxe6 Rxe6 35. Qb1 Qa7 36. Nf5 Nd5 37. Nxh6+ Kf8 38. Rf1 Nf4+ 39. Kh1 Rxf2 40. Rxf2 Qa3 41. Rd8+ Re8 42. Rxe8+ Kxe8 43. Qb8+ Kd7 44. Rd2+ Nd5 45. Qb7+ Kd8 46. Rxd5+ 1-0

[Event "GRENKE Chess Open 2024"]
[Site "Karlsruhe"]
[Date "2024.03.29"]
[Round "3.44"]
[White "Schmider, Niklas"]
[Black "Gajcin, Marina"]
[Result "0-1"]
[WhiteElo "2421"]
[BlackElo "2241"]
[Annotator "TA"]
[PlyCount "64"]
[EventDate "2024.03.28"]
[EventType "swiss"]
[EventCountry "GER"]
[SourceTitle "playchess.com"]
[Source "ChessBase"]
[SourceQuality "1"]

1. Nf3 Nf6 2. b3 g6 3. Bb2 Bg7 4. g3 O-O 5. Bg2 d5 6. c4 c6 7. O-O Bf5 8. d3 Re8 9. Nbd2 a5 10. a3 Na6 11. Qc2 Rc8 12. Rfe1 a4 13. bxa4 Nc5 14. Bc3 Bg4 15. a5 Bxf3 16. Bxf3 d4 17. Bb4 Nfd7 18. Nb3 Nxb3 19. Qxb3 Be5 20. Rab1 Ra8 21. Qb2 e6 22. Bg2 Qf6 23. f4 Bc7 24. e3 e5 25. Bh3 Nf8 26. Bxf8 Rxf8 27. Qxb7 Bxa5 28. exd4 exf4 29. Re4 fxg3 30. Rf1 Qg5 31. Qxc6 Rab8 32. Qc5 Qd2 0-1

[Event "GRENKE Chess Open 2024"]
[Site "Karlsruhe"]
[Date "2024.03.29"]
[Round "3.45"]
[White "Khachatryan, Taron"]
[Black "Ostrovskiy, Andrey"]
[Result "1/2-1/2"]
[WhiteElo "2189"]
[BlackElo "2420"]
[Annotator "TA"]
[PlyCount "43"]
[EventDate "2024.03.28"]
[EventType "swiss"]
[EventCountry "GER"]
[SourceTitle "playchess.com"]
[Source "ChessBase"]
[SourceQuality "1"]

1. d4 Nf6 2. Nf3 e6 3. c4 b6 4. g3 c6 5. Bg2 Be7 6. O-O O-O 7. Nc3 d5 8. Ne5 Ba6 9. b3 Nfd7 10. Nxd7 Nxd7 11. cxd5 cxd5 12. Bb2 Rc8 13. Qd2 Bb4 14. Rfc1 Nf6 15. a3 Bd6 16. e4 dxe4 17. Nxe4 Nd5 18. Nc3 Bb7 19. Nxd5 Bxd5 20. Bxd5 exd5 21. Qd3 Qd7 22. a4 1/2-1/2

[Event "GRENKE Chess Open 2024"]
[Site "Karlsruhe"]
[Date "2024.03.29"]
[Round "3.46"]
[White "Milov, Leonid"]
[Black "Tschann, Stephan"]
[Result "1-0"]
[WhiteElo "2415"]
[BlackElo "2215"]
[Annotator "TA"]
[PlyCount "75"]
[EventDate "2024.03.28"]
[EventType "swiss"]
[EventCountry "GER"]
[SourceTitle "playchess.com"]
[Source "ChessBase"]
[SourceQuality "1"]

1. e4 c5 2. Nf3 d6 3. d4 cxd4 4. Nxd4 Nf6 5. Nc3 a6 6. Be3 e5 7. Nf3 Be7 8. Bc4 Be6 9. Bb3 Nbd7 10. O-O Rc8 11. Qe2 Qc7 12. Rfd1 O-O 13. Nh4 Rfe8 14. Nf5 Bf8 15. Bg5 d5 16. Nxd5 Nxd5 17. Bxd5 Bxd5 18. exd5 Qxc2 19. Qg4 Rc4 20. Qh3 Bc5 21. Be3 Nf6 22. Rac1 Qe2 23. Ng3 Rxc1 24. Rxc1 Qxe3 25. fxe3 Bxe3+ 26. Kf1 Bxc1 27. Ne2 Bg5 28. Qb3 b5 29. Nc3 e4 30. a4 bxa4 31. Qxa4 e3 32. d6 Re6 33. Qxa6 Nd7 34. Qb5 e2+ 35. Nxe2 Bd2 36. Qxd7 Rf6+ 37. Nf4 Rxf4+ 38. Ke2 1-0

[Event "GRENKE Chess Open 2024"]
[Site "Karlsruhe"]
[Date "2024.03.30"]
[Round "4.1"]
[White "Santos Latasa, Jaime"]
[Black "Milov, Leonid"]
[Result "1-0"]
[WhiteElo "2621"]
[BlackElo "2415"]
[Annotator "TA"]
[PlyCount "79"]
[EventDate "2024.03.28"]
[EventType "swiss"]
[EventCountry "GER"]
[SourceTitle "playchess.com"]
[Source "ChessBase"]
[SourceQuality "1"]

1. e4 c5 2. Nf3 e6 3. d4 cxd4 4. Nxd4 Nc6 5. a3 Qc7 6. Be3 Nf6 7. Nc3 Be7 8. g4 h5 9. gxh5 Nxh5 10. Qd2 a6 11. O-O-O b5 12. Nxc6 dxc6 13. e5 c5 14. Ne4 Bb7 15. Nd6+ Kf8 16. Rg1 Bf3 17. Be2 Bxe2 18. Qxe2 Qc6 19. Qg4 Rd8 20. Bg5 Bxd6 21. Bxd8 Bxe5 22. Bg5 g6 23. Rge1 Bf6 24. h4 Kg7 25. Re3 Qc7 26. Qf3 Rd8 27. Rg1 Rh8 28. Ree1 Be5 29. Kb1 Bf6 30. Re2 Be5 31. Qe4 Bf6 32. Rd2 Bxg5 33. hxg5 Nf4 34. Rh1 Rxh1+ 35. Qxh1 Nd5 36. Qh6+ Kg8 37. Rd1 Qe5 38. Rh1 Qg7 39. Qh2 e5 40. Rd1 1-0

[Event "GRENKE Chess Open 2024"]
[Site "Karlsruhe"]
[Date "2024.03.30"]
[Round "4.1"]
[White "Buckels, Valentin"]
[Black "Sarana, Alexey"]
[Result "0-1"]
[WhiteElo "2450"]
[BlackElo "2699"]
[Annotator "TA"]
[PlyCount "117"]
[EventDate "2024.03.28"]
[EventType "swiss"]
[EventCountry "GER"]
[SourceTitle "playchess.com"]
[Source "ChessBase"]
[SourceQuality "1"]

1. d4 Nf6 2. Nf3 d5 3. Bf4 e6 4. e3 Bd6 5. Bg3 O-O 6. c4 b6 7. Nc3 Bb7 8. cxd5 exd5 9. Qc2 c5 10. Rd1 Nc6 11. Be2 c4 12. Ne5 a6 13. f4 b5 14. Bf3 Ne7 15. a3 Ne8 16. e4 f6 17. exd5 Nc7 18. Nc6 Qd7 19. O-O Rae8 20. Ne5 Qd8 21. Nc6 Qd7 22. Ne5 Qc8 23. Ne4 Rd8 24. Nc6 Bxc6 25. dxc6 Ncd5 26. Nxd6 Rxd6 27. f5 Rxc6 28. Rfe1 Qd7 29. Rd2 Nxf5 30. Bg4 g6 31. Qe4 c3 32. bxc3 Rxc3 33. Bf3 Rd8 34. Rd3 Rcc8 35. Bf2 Kg7 36. g3 Nfe7 37. Qe6 Qxe6 38. Rxe6 a5 39. Ra6 Ra8 40. Rxa8 Rxa8 41. Be1 a4 42. Rd1 Rc8 43. Rb1 Nc3 44. Rb2 Rc4 45. Kf2 Ned5 46. Bxd5 Nd1+ 47. Kf3 Nxb2 48. Bxc4 Nxc4 49. Bb4 f5 50. h4 Nb6 51. g4 Nd5 52. Bd2 Kf6 53. Bc1 Ke6 54. Bd2 b4 55. axb4 a3 56. Bc1 a2 57. Bb2 Nxb4 58. Bc3 Nd5 59. Bb2 0-1

[Event "GRENKE Chess Open 2024"]
[Site "Karlsruhe"]
[Date "2024.03.30"]
[Round "4.2"]
[White "Fedoseev, Vladimir"]
[Black "Froewis, Georg"]
[Result "1-0"]
[WhiteElo "2690"]
[BlackElo "2450"]
[Annotator "TA"]
[PlyCount "57"]
[EventDate "2024.03.28"]
[EventType "swiss"]
[EventCountry "GER"]
[SourceTitle "playchess.com"]
[Source "ChessBase"]
[SourceQuality "1"]

1. d4 d5 2. c4 e6 3. Nf3 Nf6 4. Nc3 c6 5. e3 Nbd7 6. Be2 Bd6 7. O-O O-O 8. b3 b6 9. a4 Bb7 10. a5 Rc8 11. a6 Ba8 12. Bb2 Qe7 13. Qb1 c5 14. Nb5 Bb8 15. Ba3 Ne4 16. Qb2 dxc4 17. bxc4 Qf6 18. dxc5 Qh6 19. cxb6 Ng5 20. Rfd1 Bxf3 21. Bxf3 Ne5 22. Nd4 Rfd8 23. bxa7 Bxa7 24. Be2 Ne4 25. c5 Bb8 26. f4 Ng6 27. g3 e5 28. Bg4 exf4 29. Nf5 1-0

[Event "GRENKE Chess Open 2024"]
[Site "Karlsruhe"]
[Date "2024.03.30"]
[Round "4.2"]
[White "Gnojek, Petr"]
[Black "Svane, Frederik"]
[Result "0-1"]
[WhiteElo "2414"]
[BlackElo "2617"]
[Annotator "TA"]
[PlyCount "94"]
[EventDate "2024.03.28"]
[EventType "swiss"]
[EventCountry "GER"]
[SourceTitle "playchess.com"]
[Source "ChessBase"]
[SourceQuality "1"]

1. d4 Nf6 2. c4 g6 3. Nc3 Bg7 4. g3 c5 5. d5 d6 6. Bg2 O-O 7. Nf3 a6 8. a4 e6 9. dxe6 Bxe6 10. O-O Nc6 11. Bf4 Qb6 12. Nd5 Bxd5 13. cxd5 Na5 14. Rb1 Rfe8 15. Nd2 Nh5 16. Be3 Qb4 17. Qc2 b5 18. b3 f5 19. Bf3 Rxe3 20. fxe3 Bh6 21. Rfd1 Bxe3+ 22. Kg2 Nf6 23. Nf1 Bd4 24. e3 Be5 25. Qd2 Bc3 26. Qc2 h5 27. Rdc1 Be5 28. Qd2 Qxd2+ 29. Nxd2 b4 30. h4 Bc3 31. Rd1 Re8 32. Kf2 Kf7 33. Ke2 Re5 34. Nc4 Nxc4 35. bxc4 a5 36. Kd3 Re7 37. Rg1 Nd7 38. Be2 Re4 39. Rbf1 Ne5+ 40. Kc2 Rxe3 41. Rg2 Kg7 42. Rb1 Re4 43. Kb3 Bd4 44. Kc2 Bc3 45. Kb3 Kf6 46. Rf1 Bd4 47. Kc2 Re3 0-1

[Event "GRENKE Chess Open 2024"]
[Site "Karlsruhe"]
[Date "2024.03.30"]
[Round "4.3"]
[White "Kamsky, Gata"]
[Black "Garifullina, Leya"]
[Result "1-0"]
[WhiteElo "2616"]
[BlackElo "2413"]
[Annotator "TA"]
[PlyCount "57"]
[EventDate "2024.03.28"]
[EventType "swiss"]
[EventCountry "GER"]
[SourceTitle "playchess.com"]
[Source "ChessBase"]
[SourceQuality "1"]

1. g3 d5 2. Bg2 Nf6 3. f4 g6 4. Nf3 Bg7 5. d3 c5 6. O-O Nc6 7. Qe1 d4 8. e4 dxe3 9. Bxe3 Nd5 10. c3 Nxe3 11. Qxe3 Qb6 12. Rf2 h6 13. Na3 Be6 14. Nh4 Nd8 15. f5 Bxf5 16. Nc4 Qc7 17. Nxf5 gxf5 18. Rxf5 Rc8 19. a4 e6 20. Rh5 b6 21. Rf1 Nc6 22. g4 Ne7 23. Qf3 Rf8 24. g5 Rd8 25. gxh6 Bh8 26. h7 Qd7 27. Ne5 Bxe5 28. Rxe5 Qxd3 29. h8=Q 1-0

[Event "GRENKE Chess Open 2024"]
[Site "Karlsruhe"]
[Date "2024.03.30"]
[Round "4.3"]
[White "Fromm, Marius"]
[Black "Sjugirov, Sanan"]
[Result "1/2-1/2"]
[WhiteElo "2445"]
[BlackElo "2690"]
[Annotator "TA"]
[PlyCount "77"]
[EventDate "2024.03.28"]
[EventType "swiss"]
[EventCountry "GER"]
[SourceTitle "playchess.com"]
[Source "ChessBase"]
[SourceQuality "1"]

1. e4 c5 2. Nf3 Nc6 3. Bb5 g6 4. Bxc6 dxc6 5. d3 Qc7 6. O-O e5 7. a4 f6 8. a5 Be6 9. Qe2 Nh6 10. Nc3 Nf7 11. Be3 Bd6 12. Na4 Qe7 13. Nd2 O-O 14. f3 Rab8 15. Qf2 b6 16. axb6 axb6 17. b4 cxb4 18. Nxb6 Rfd8 19. Nbc4 Bxc4 20. Nxc4 b3 21. Na5 b2 22. Rab1 Rdc8 23. Nb3 Ba3 24. Bc5 Bxc5 25. Qxc5 Qxc5+ 26. Nxc5 Rb5 27. Nb3 c5 28. Rxb2 c4 29. dxc4 Rxc4 30. Rd1 Rb7 31. Ra2 Rbc7 32. Rd2 Kg7 33. Nc1 Ng5 34. Ne2 Ne6 35. Ra6 Rxc2 36. Rxc2 Rxc2 37. Rxe6 Rxe2 38. Re7+ Kg8 39. h4 1/2-1/2

[Event "GRENKE Chess Open 2024"]
[Site "Karlsruhe"]
[Date "2024.03.30"]
[Round "4.4"]
[White "Niemann, Hans Moke"]
[Black "Rosner, Jonas"]
[Result "1-0"]
[WhiteElo "2676"]
[BlackElo "2431"]
[Annotator "TA"]
[PlyCount "65"]
[EventDate "2024.03.28"]
[EventType "swiss"]
[EventCountry "GER"]
[SourceTitle "playchess.com"]
[Source "ChessBase"]
[SourceQuality "1"]

1. e4 c6 2. d4 d5 3. e5 Bf5 4. Nf3 e6 5. Be2 Nd7 6. O-O a5 7. Nc3 a4 8. Bd2 a3 9. b3 h6 10. h3 Bh7 11. Re1 Ne7 12. Rc1 Nf5 13. Bd3 Be7 14. Ne2 Nh4 15. Nf4 Bxd3 16. Nxd3 Nxf3+ 17. Qxf3 Bg5 18. Be3 O-O 19. Qg4 Bxe3 20. Rxe3 Qg5 21. Qe2 Kh8 22. f4 Qh4 23. Rf1 Rac8 24. g3 Qe7 25. f5 exf5 26. Rxf5 Rce8 27. c3 c5 28. e6 cxd4 29. cxd4 Nf6 30. Rfe5 Kg8 31. Nf4 Rc8 32. exf7+ Qxf7 33. Re7 1-0

[Event "GRENKE Chess Open 2024"]
[Site "Karlsruhe"]
[Date "2024.03.30"]
[Round "4.4"]
[White "Maurizzi, Marc`Andria"]
[Black "Yelisieiev, Yevhenii"]
[Result "1-0"]
[WhiteElo "2602"]
[BlackElo "2411"]
[Annotator "RC"]
[PlyCount "187"]
[EventDate "2024.03.28"]
[EventType "swiss"]
[EventCountry "GER"]
[SourceTitle "playchess.com"]
[Source "ChessBase"]
[SourceQuality "1"]

1. e4 d6 2. d4 Nf6 3. Nc3 e5 4. Nge2 c6 5. h3 b5 6. a3 h5 7. Ng1 Nbd7 8. Nf3 Bb7 9. Be2 a5 10. Ng5 b4 11. dxe5 Nxe5 12. Na4 Be7 13. Be3 c5 14. f4 Nfd7 15. h4 Ng4 16. Bxg4 hxg4 17. Qxg4 Bxg5 18. fxg5 Bc6 19. b3 Qe7 20. axb4 axb4 21. h5 Qxe4 22. Qxe4+ Bxe4 23. O-O-O d5 24. Rh4 Bxg2 25. Rd2 Be4 26. Nxc5 Nxc5 27. Bxc5 Rh7 28. Kb2 Rb8 29. c4 bxc3+ 30. Kxc3 f6 31. g6 Rh8 32. b4 Ra8 33. b5 Ra1 34. Rd4 Rc1+ 35. Kb4 Rb1+ 36. Ka5 Ra1+ 37. Kb4 Rb1+ 38. Ka5 Ra1+ 39. Kb6 Kd7 40. Kb7 Ke6 41. b6 f5 42. h6 f4 43. Rxe4+ dxe4 44. Bd4 Raa8 45. Bxg7 Rhb8+ 46. Kc6 Rc8+ 47. Kb5 Kf5 48. Bd4 Kxg6 49. Rxf4 Kxh6 50. Rxe4 Re8 51. Rg4 Kh5 52. Rg1 Rad8 53. Bc5 Rd2 54. Rb1 Rd7 55. Kc6 Rf7 56. Bd6 Rc8+ 57. Bc7 Rf2 58. Kd7 Rcf8 59. b7 R2f7+ 60. Kc6 Rf6+ 61. Kd5 Kg6 62. Be5 Rd8+ 63. Ke4 Rff8 64. Rb6+ Kf7 65. b8=Q Rxb8 66. Bxb8 Rh8 67. Be5 Rh4+ 68. Kd5 Rh7 69. Rb1 Rh3 70. Rb7+ Kg6 71. Ke6 Rf3 72. Rg7+ Kh5 73. Rg8 Kh4 74. Kd5 Rf1 75. Ke4 Kh3 76. Rg3+ Kh2 77. Bf4 Kh1 78. Rg7 Rb1 79. Rh7+ Kg2 80. Rh2+ Kg1 81. Ra2 Rf1 82. Bg3 Kh1 83. Ke3 Kg1 84. Rh2 Ra1 85. Kf3 Ra3+ 86. Kg4 Ra8 87. Rb2 Ra4+ 88. Kh3 Kf1 89. Rf2+ Kg1 90. Rf3 Ra2 91. Bf4 Ra1 92. Be3+ Kh1 93. Rf2 Kg1 94. Ra2+ 1-0

[Event "GRENKE Chess Open 2024"]
[Site "Karlsruhe"]
[Date "2024.03.30"]
[Round "4.5"]
[White "Saric, Ivan"]
[Black "Vandenbussche, Thibaut"]
[Result "1-0"]
[WhiteElo "2670"]
[BlackElo "2427"]
[Annotator "TA"]
[PlyCount "105"]
[EventDate "2024.03.28"]
[EventType "swiss"]
[EventCountry "GER"]
[SourceTitle "playchess.com"]
[Source "ChessBase"]
[SourceQuality "1"]

1. e4 d6 2. d4 Nf6 3. Nc3 e5 4. Nf3 Nbd7 5. Rg1 g6 6. Be3 c6 7. g4 Bg7 8. dxe5 Nxe5 9. Nxe5 dxe5 10. Qxd8+ Kxd8 11. O-O-O+ Kc7 12. g5 Nh5 13. Bc4 f5 14. exf5 Bxf5 15. a4 Nf4 16. h4 h6 17. Ne2 hxg5 18. hxg5 Nxe2+ 19. Bxe2 b6 20. Rh1 Rxh1 21. Rxh1 Rh8 22. Rxh8 Bxh8 23. b4 Bg7 24. c4 Bf8 25. c5 bxc5 26. Bxc5 Bxc5 27. bxc5 a5 28. Kd2 Kd7 29. Bd1 Be4 30. Ke3 Bd5 31. Bc2 Ke6 32. Be4 Kf7 33. Kd3 Ke6 34. Ke3 Kf7 35. Bf3 Ke7 36. Bd1 Ke6 37. f4 Kf5 38. Bc2+ Ke6 39. Bxg6 exf4+ 40. Kxf4 Bb3 41. Bd3 Bxa4 42. Bc4+ Ke7 43. Ke5 Bc2 44. Kd4 Kf8 45. Kc3 Bd1 46. Bb3 Bf3 47. Bc2 Kf7 48. Kb3 Ke6 49. Ka4 Kd7 50. Kxa5 Kc7 51. g6 Bd5 52. g7 Bg8 53. Kb4 1-0

[Event "GRENKE Chess Open 2024"]
[Site "Karlsruhe"]
[Date "2024.03.30"]
[Round "4.5"]
[White "Baum, Jonasz"]
[Black "Indjic, Aleksandar"]
[Result "0-1"]
[WhiteElo "2400"]
[BlackElo "2595"]
[Annotator "TA"]
[PlyCount "66"]
[EventDate "2024.03.28"]
[EventType "swiss"]
[EventCountry "GER"]
[SourceTitle "playchess.com"]
[Source "ChessBase"]
[SourceQuality "1"]

1. d4 Nf6 2. c4 e6 3. Nc3 Bb4 4. f3 c5 5. d5 d6 6. e4 b5 7. Nge2 bxc4 8. Nf4 e5 9. Nfe2 Nbd7 10. Ng3 Nb6 11. Be2 Ng8 12. O-O Ne7 13. f4 exf4 14. Bxf4 Ng6 15. Qc1 Bxc3 16. Qxc3 O-O 17. Nh5 f6 18. Qg3 Re8 19. Bh6 Rxe4 20. Bxg7 Rxe2 21. Rxf6 Nd7 22. Raf1 Nxf6 23. Bxf6 Qe8 24. Bd4 Qe7 25. Nf6+ Kh8 26. Bc3 Qe3+ 27. Qxe3 Rxe3 28. Ne8+ Rxc3 29. bxc3 Bb7 30. Nxd6 Bxd5 31. Rf5 Bxg2 32. h4 Bh3 33. Rg5 Be6 0-1

[Event "GRENKE Chess Open 2024"]
[Site "Karlsruhe"]
[Date "2024.03.30"]
[Round "4.6"]
[White "Yoo, Christopher Woojin"]
[Black "Cukrowski, Filip"]
[Result "1-0"]
[WhiteElo "2583"]
[BlackElo "2394"]
[Annotator "TA"]
[PlyCount "59"]
[EventDate "2024.03.28"]
[EventType "swiss"]
[EventCountry "GER"]
[SourceTitle "playchess.com"]
[Source "ChessBase"]
[SourceQuality "1"]

1. e4 c5 2. Nf3 e6 3. d4 cxd4 4. Nxd4 Nc6 5. Nc3 Qc7 6. Be3 a6 7. Qf3 h5 8. Qg3 d6 9. f4 Nf6 10. O-O-O Bd7 11. h3 b5 12. Bd3 h4 13. Qf2 b4 14. Nce2 e5 15. Nf3 Be7 16. Kb1 Rb8 17. Nxh4 d5 18. exd5 Nxd5 19. Nf5 Nc3+ 20. Nxc3 bxc3 21. b3 Nb4 22. Nxg7+ Kf8 23. Bc4 Kxg7 24. fxe5 Qxc4 25. Qg3+ Kh7 26. Rxd7 Qe4 27. Qf2 Qxc2+ 28. Qxc2+ Nxc2 29. Kxc2 Rhe8 30. Kxc3 1-0

[Event "GRENKE Chess Open 2024"]
[Site "Karlsruhe"]
[Date "2024.03.30"]
[Round "4.6"]
[White "Finek, Vaclav"]
[Black "Shevchenko, Kirill"]
[Result "1/2-1/2"]
[WhiteElo "2436"]
[BlackElo "2670"]
[Annotator "TA"]
[PlyCount "77"]
[EventDate "2024.03.28"]
[EventType "swiss"]
[EventCountry "GER"]
[SourceTitle "playchess.com"]
[Source "ChessBase"]
[SourceQuality "1"]

1. d4 Nf6 2. c4 g6 3. g3 Bg7 4. Bg2 O-O 5. Nc3 Nc6 6. Nf3 d5 7. cxd5 Nxd5 8. Nxd5 Qxd5 9. e3 e5 10. O-O e4 11. Nd2 f5 12. f3 exf3 13. Bxf3 Qf7 14. Qb3 Ne7 15. Qxf7+ Rxf7 16. Nb3 Rb8 17. Nc5 b6 18. Nd3 Bb7 19. Bxb7 Rxb7 20. Kf2 Nd5 21. Bd2 c5 22. dxc5 bxc5 23. Rac1 Bxb2 24. Rxc5 Rfd7 25. Ke2 Nf6 26. Rc8+ Kf7 27. Rc2 Ne4 28. g4 Rdc7 29. Rxc7+ Rxc7 30. Nxb2 Rc2 31. Nc4 Rxc4 32. gxf5 Rc2 33. fxg6+ Kxg6 34. Kd3 Rxd2+ 35. Kxe4 Rxh2 36. Rg1+ Kf6 37. Rf1+ Ke6 38. Rc1 Rxa2 39. Rh1 1/2-1/2

[Event "GRENKE Chess Open 2024"]
[Site "Karlsruhe"]
[Date "2024.03.30"]
[Round "4.7"]
[White "Abel, Dennes"]
[Black "Kollars, Dmitrij"]
[Result "0-1"]
[WhiteElo "2427"]
[BlackElo "2629"]
[Annotator "TA"]
[PlyCount "100"]
[EventDate "2024.03.28"]
[EventType "swiss"]
[EventCountry "GER"]
[SourceTitle "playchess.com"]
[Source "ChessBase"]
[SourceQuality "1"]

1. Nf3 d5 2. c4 e6 3. e3 Nf6 4. Nc3 Bd6 5. b3 O-O 6. Bb2 Re8 7. Nb5 Be7 8. Be5 Na6 9. Be2 c6 10. Nc3 Ne4 11. O-O f6 12. Bg3 Kh8 13. Nxe4 dxe4 14. Ne1 e5 15. a3 Bf5 16. f4 exf4 17. Bxf4 Qd7 18. b4 Rad8 19. Ra2 Bg6 20. c5 Nc7 21. Bxc7 Qxc7 22. Bh5 Bxh5 23. Qxh5 g6 24. Qe2 Qd7 25. g4 Qe6 26. Rc2 Rd5 27. Ng2 g5 28. h3 Bd8 29. Qc4 Bc7 30. Rf5 Kg7 31. Rxd5 cxd5 32. Qb5 Qe5 33. d4 exd3 34. Qxd3 Qh2+ 35. Kf1 Qxh3 36. Qxd5 Qxg4 37. Rf2 Re7 38. Rd2 h5 39. Rd4 Qg3 40. Qf5 Qe5 41. Qc8 Kg6 42. Kg1 a6 43. Rd2 Qe6 44. Qxe6 Rxe6 45. Rd7 Bg3 46. Rxb7 h4 47. Rb6 Rxb6 48. cxb6 h3 49. a4 hxg2 50. a5 Be1 0-1

[Event "GRENKE Chess Open 2024"]
[Site "Karlsruhe"]
[Date "2024.03.30"]
[Round "4.7"]
[White "Hess, Max"]
[Black "Ivic, Velimir"]
[Result "1/2-1/2"]
[WhiteElo "2392"]
[BlackElo "2582"]
[Annotator "TA"]
[PlyCount "112"]
[EventDate "2024.03.28"]
[EventType "swiss"]
[EventCountry "GER"]
[SourceTitle "playchess.com"]
[Source "ChessBase"]
[SourceQuality "1"]

1. Nf3 d5 2. e3 Nf6 3. c4 e6 4. Nc3 dxc4 5. Bxc4 a6 6. a4 b6 7. O-O Bb7 8. Qe2 c5 9. Rd1 Be7 10. d4 Qc7 11. e4 cxd4 12. Nxd4 Nc6 13. Nf3 O-O 14. e5 Nd7 15. Bf4 Nc5 16. h4 Rad8 17. h5 h6 18. Rac1 Na5 19. b4 Bxf3 20. gxf3 Ncb3 21. bxa5 Nxc1 22. Rxc1 Bg5 23. Bxg5 hxg5 24. axb6 Qxb6 25. Ne4 Rd4 26. Qe3 Qd8 27. Kg2 a5 28. Nxg5 Rh4 29. f4 Rxh5 30. Rh1 Rxh1 31. Kxh1 Qd1+ 32. Kg2 Rc8 33. Be2 Qxa4 34. Qh3 Rc1 35. Qh7+ Kf8 36. Nh3 Qc2 37. Qh8+ Ke7 38. Qh4+ f6 39. Qg4 Kf7 40. exf6 gxf6 41. Kh2 a4 42. f5 exf5 43. Qh5+ Ke7 44. Qh7+ Kd6 45. Qh8 Kc7 46. Qg7+ Kb8 47. Qf8+ Ka7 48. Bf3 Qc7+ 49. Kg2 Rc4 50. Qxf6 a3 51. Qf8 a2 52. Qa3+ Kb6 53. Qxa2 Qg7+ 54. Kh2 Qe5+ 55. Kg2 Qg7+ 56. Kh2 Qe5+ 1/2-1/2

[Event "GRENKE Chess Open 2024"]
[Site "Karlsruhe"]
[Date "2024.03.30"]
[Round "4.8"]
[White "Mishra, Abhimanyu"]
[Black "Niermann, Tristan"]
[Result "1-0"]
[WhiteElo "2627"]
[BlackElo "2422"]
[Annotator "TA"]
[PlyCount "97"]
[EventDate "2024.03.28"]
[EventType "swiss"]
[EventCountry "GER"]
[SourceTitle "playchess.com"]
[Source "ChessBase"]
[SourceQuality "1"]

1. e4 c5 2. Nf3 d6 3. d4 cxd4 4. Nxd4 Nf6 5. Nc3 Nc6 6. Bg5 e6 7. Qd2 a6 8. Nxc6 bxc6 9. O-O-O Be7 10. Bxf6 gxf6 11. Bc4 Bb7 12. Bb3 Qc7 13. Rhe1 O-O-O 14. Qe2 h5 15. f4 Bf8 16. Kb1 Bh6 17. f5 exf5 18. Rf1 f4 19. Qxh5 Bg5 20. Qg4+ Kb8 21. h3 Rde8 22. Rd4 Bc8 23. Qf3 f5 24. Rfd1 Rh6 25. Qd3 Bb7 26. a3 Re5 27. exf5 Re3 28. Qf1 d5 29. Na4 Qd6 30. Ka2 Ka7 31. c4 f3 32. gxf3 Bf6 33. Qf2 Bxd4 34. Rxd4 c5 35. Qxe3 cxd4 36. Qxd4+ Kb8 37. c5 Qf6 38. Qf4+ Ka7 39. Nb6 Rh4 40. Qc7 Qc6 41. Qe7 Rd4 42. Qe3 Qf6 43. Nd7 Qh4 44. Qe8 Qf4 45. Qd8 Rd2 46. Qb6+ Ka8 47. c6 Bc8 48. c7 Bb7 49. Qc5 1-0

[Event "GRENKE Chess Open 2024"]
[Site "Karlsruhe"]
[Date "2024.03.30"]
[Round "4.8"]
[White "Pultinevicius, Paulius"]
[Black "Colpe, Malte"]
[Result "1-0"]
[WhiteElo "2575"]
[BlackElo "2384"]
[Annotator "RC"]
[PlyCount "77"]
[EventDate "2024.03.28"]
[EventType "swiss"]
[EventCountry "GER"]
[SourceTitle "playchess.com"]
[Source "ChessBase"]
[SourceQuality "1"]

1. Nf3 Nf6 2. g3 g6 3. Bg2 Bg7 4. O-O O-O 5. d4 d5 6. c4 c6 7. b3 dxc4 8. bxc4 c5 9. Bb2 cxd4 10. Nxd4 Qb6 11. Qb3 Nbd7 12. Nd2 Nc5 13. Qa3 Bd7 14. Rab1 Rac8 15. Bc3 Qa6 16. Qxa6 bxa6 17. Bb4 Rfe8 18. N4b3 Na4 19. Bb7 Rb8 20. Na5 Bf5 21. Rb3 Bc8 22. Bc6 Bd7 23. Bxd7 Nxd7 24. Nc6 Ra8 25. Ne4 Ne5 26. Nxe7+ Kh8 27. Nd5 a5 28. Be1 Rec8 29. Nd6 Rc6 30. f4 Rxd6 31. fxe5 Rd7 32. Nf6 Re7 33. Rb5 Nb6 34. Rf4 a4 35. Kf1 Rc8 36. Bf2 Re6 37. c5 Rxe5 38. Bd4 Rg5 39. h4 1-0

[Event "GRENKE Chess Open 2024"]
[Site "Karlsruhe"]
[Date "2024.03.30"]
[Round "4.9"]
[White "Divya Deshmukh"]
[Black "Svane, Rasmus"]
[Result "0-1"]
[WhiteElo "2424"]
[BlackElo "2623"]
[Annotator "TA"]
[PlyCount "98"]
[EventDate "2024.03.28"]
[EventType "swiss"]
[EventCountry "GER"]
[SourceTitle "playchess.com"]
[Source "ChessBase"]
[SourceQuality "1"]

1. e4 e6 2. d4 d5 3. Nc3 Nf6 4. Bg5 dxe4 5. Nxe4 Be7 6. Nxf6+ Bxf6 7. Bxf6 Qxf6 8. Nf3 O-O 9. Qd3 Bd7 10. Qe3 Nc6 11. Bd3 Nb4 12. Be4 Bc6 13. O-O Rfd8 14. c3 Nd5 15. Bxd5 Rxd5 16. Ne5 Be8 17. f4 Qe7 18. Ng4 c5 19. dxc5 Qxc5 20. Qxc5 Rxc5 21. Rad1 Kf8 22. Rd4 Ke7 23. Rfd1 g5 24. Ne3 Bc6 25. Rf1 f6 26. fxg5 Rxg5 27. g3 h5 28. Nc2 e5 29. Rd2 h4 30. Ne3 hxg3 31. Nf5+ Kf7 32. Nxg3 Ke6 33. Rdf2 Rg6 34. c4 Rh8 35. Re2 Rh4 36. Rd2 f5 37. Rfd1 f4 38. Rd6+ Kf7 39. Rxg6 Kxg6 40. Ne2 Rg4+ 41. Kf1 Rh4 42. Rd2 Kg5 43. b4 f3 44. Ng1 Kf4 45. b5 Be4 46. c5 Ke3 47. Ke1 Rh8 48. a4 Rg8 49. Nh3 Bf5 0-1